000 00834nam a22002297a 4500
008 240610b mp ||||| |||| 00| 0 mon d
020 _a978-99973-1-070-5
035 _a19680
040 _aUVS1285160
_bmon
_cMN-UlNLM
_dMN-UlNLM
_erda
041 _amon
042 _a67062
084 _2NNA
_a22.654.1я2
_bМ-231
100 _aМансей Л.
245 0 _aДэлхийн төв рүү аялсан нь
264 _aУлаанбаатар
_bМонсудар
_c2013
300 _a63х.
336 _2rdacontent
_atext
_btxt
337 _2rdamedia
_aunmediated
_bn
338 _2rdacarrier
_avolume
_bnc
650 _aДэлхийн сансар огторгуй, агаар мандалыг зургаар тайлбарлан ойлгомжтой байдлаар тайлбарласан байна. ...
942 _2NNA
_cBK
999 _c945015
_d945072